Fuoristrada /
Salvato in:
| Autori principali: | , |
|---|---|
| Altri autori: | , , , , |
| Natura: | |
| Lingua: | italiano |
| Pubblicazione: |
[Roma] :
Istituto Luce [distributore,
2014]
|
| Soggetti: | |
| Tags: |
Nessun Tag, puoi essere il primo ad aggiungerne!!
|
MARC
| LEADER | 00000ngm a2200000 i 4500 | ||
|---|---|---|---|
| 001 | IT\ICCU\MOD\1642103 | ||
| 003 | ItRI | ||
| 005 | 20260124182842.0 | ||
| 008 | 150207s2014 it |||||||||||||||k|||||c | ||
| 024 | 3 | 1 | |a 8014191940078 |
| 028 | 4 | 2 | |a LD94007 |b Istituto Luce |
| 040 | |b ita | ||
| 041 | 7 | |a ita |2 ISO-639-2 | |
| 082 | |a 306.76 |9 ORIENTAMENTO SESSUALE |2 21 | ||
| 130 | 0 | |a Fuoristrada <documentario ; 2013> |3 IT\ICCU\MOD\1642104 | |
| 245 | 0 | 0 | |a Fuoristrada / |c un film di Elisa Amoruso ; fotografia e riprese Giorgio Horn e Martina Cocco ; musica originale Ratchev & Carratello ; prodotto da Alfredo Covelli ; Interpreti: Giuseppe Della Pelle, Marianna Dadiloveanu. |
| 260 | |a [Roma] : |b Istituto Luce [distributore, |c 2014] | ||
| 300 | |a 1 DVD-video (068 min) : |b a colori, PAL | ||
| 500 | |a Etichetta: Istituto Luce | ||
| 500 | |a Titolo del contenitore | ||
| 500 | |a Produzione cinematografica: Italia, 2013 | ||
| 500 | |a Data desunta da catalogo online | ||
| 500 | |a Contenuti extra: intervista di Stefania Ulivi a Beatrice/Giuseppe Della Pelle ed Elisa Amoruso | ||
| 650 | 7 | |a Inversione del sesso |x Testimonianze |2 scbi | |
| 650 | 7 | |a Transessualismo |x memorie |x Videoregistrazioni |2 scbi | |
| 700 | 1 | |a Ratchev, Stefano |0 IT\ICCU\LO1V\353738 |4 cmp | |
| 700 | 1 | |a Amoruso, Elisa |0 IT\ICCU\LO1V\371905 |4 drt | |
| 700 | 1 | |a Cocco, Martina |0 IT\ICCU\MODV\657656 |4 pht | |
| 700 | 1 | |a Della Pelle, Giuseppe |0 IT\ICCU\MODV\657657 |4 act | |
| 700 | 1 | |a Dadiloveanu, Marianna |0 IT\ICCU\MODV\657658 |4 act | |
| 700 | 1 | |a Horn, Giorgio |0 IT\ICCU\SBLV\188043 |4 pht | |
| 700 | 1 | |a Carratello, Mattia |0 IT\ICCU\UBOV\118371 |4 cmp | |
| 710 | 2 | |a Istituto Luce |0 IT\ICCU\DDSV\021202 |4 pbl | |
| 791 | 2 | |a Istituto nazionale Luce |3 IT\ICCU\TO0V\691258 |z Istituto Luce | |
| 942 | |2 ddc |c VM |n 0 | ||
| 952 | |0 0 |1 0 |4 0 |6 VO_2310_000000000000000 |7 0 |9 26974 |a BO |b BO |d 2026-01-24 |i 18675 |l 0 |o VO 2310 |p BO18675 |r 2026-01-24 18:28:42 |w 2026-01-24 |x [Sebina 5] [1 dvd] |y VM |z 1 dvd | ||
| 999 | |c 22820 |d 22820 | ||